000 00597 a2200193 4500
999 _c5813
_d5813
010 _aENG-87054
020 _a0070659540
_c625.00
035 _aEN-70587
037 _bDBAD / PUB
082 1 4 _a006.696
100 _aMeade, Tom
245 1 _aMaya 8 :
_cby Tom Meade [and] Shinsaku Arima
_bthe complete reference /
260 _aNew Delhi
_bTata McGraw-Hill Publishing
_c2007
270 _a7, West Patel Nagar
_bNew Delhi
_e110 008
300 _axxviii, 691p
_c24cm (pbk)
_eCD-ROM
500 _aincludes index
700 _aArima, Shinsaku
942 _adpl
_cEN
_2ddc
_h006.696
_mMEA